000 00443nam a22001697a 4500
005 20180704131310.0
008 160512b xxu||||| |||| 00| 0 eng d
020 _a978-81-7758-786-9
041 _aeng
082 _b1730
_a658.15
100 _aHorne, James C.Van and others
_94460
245 _aFundamental of Financial Management
260 _aDelhi
_bPearson Education,
_c2008
300 _a681p,
650 _aManagement
_9241
942 _cBK
999 _c667
_d667